000 00465nmm a2200157Ia 4500
008 251105s9999||||xx |||||||||||||||||und||
020 _a9788496813885
041 _aspa
100 _aCardelús, Borja
245 0 _aEl Mar español : España en el Pacífico
264 _a[Madrid, España] :
_bEdiciones Polifemo,
_c2013
300 _a248 páginas
650 _aHistory of Europe: Spain
856 _uhttps://public.digitaliapublishing.com/a/37068
942 _cCF
999 _c90113
_d90113